Applying Enterprise JavaBeans : (Record no. 26316)
[ view plain ]
| 000 -LEADER | |
|---|---|
| fixed length control field | 00856cam a22002775a 4500 |
| 001 - CONTROL NUMBER | |
| control field | 12383725 |
| 005 - DATE AND TIME OF LATEST TRANSACTION | |
| control field | 20180315144832.0 |
| 008 - FIXED-LENGTH DATA ELEMENTS--GENERAL INFORMATION | |
| fixed length control field | 010418t2001 caua frd 001 0 eng d |
| 020 ## - INTERNATIONAL STANDARD BOOK NUMBER | |
| International Standard Book Number | 0201702673 |
| 020 ## - INTERNATIONAL STANDARD BOOK NUMBER | |
| International Standard Book Number | 9780201702675 |
| 040 ## - CATALOGING SOURCE | |
| Original cataloging agency | CVU |
| Transcribing agency | CVU |
| Modifying agency | IXA |
| -- | DLC |
| -- | EG-ScBUE |
| Language of cataloging | eng |
| 082 04 - DEWEY DECIMAL CLASSIFICATION NUMBER | |
| Classification number | 005.2762 |
| Edition number | 22 |
| Item number | MAT |
| 100 1# - MAIN ENTRY--PERSONAL NAME | |
| Personal name | Matena, Vlada. |
| 245 10 - TITLE STATEMENT | |
| Title | Applying Enterprise JavaBeans : |
| Remainder of title | component-based development for the J2EE platform / |
| Statement of responsibility, etc | Vlada Matena, Beth Stearns. |
| 260 ## - PUBLICATION, DISTRIBUTION, ETC. (IMPRINT) | |
| Place of publication, distribution, etc | Boston : |
| Name of publisher, distributor, etc | Addison-Wesley, |
| Date of publication, distribution, etc | c.2001. |
| 300 ## - PHYSICAL DESCRIPTION | |
| Extent | xxv, 436 p. : |
| Other physical details | ill. ; |
| Dimensions | 24 cm. |
| 490 0# - Series Statement | |
| Series statement | Java series |
| 500 ## - GENERAL NOTE | |
| General note | Index : p. 427-436. |
| 500 ## - GENERAL NOTE | |
| General note | Glossary : p. 419-425. |
| 630 07 - SUBJECT ADDED ENTRY--UNIFORM TITLE | |
| Uniform title | JavaBeans. |
| 650 #7 - SUBJECT ADDED ENTRY--TOPICAL TERM | |
| Topical term or geographic name as entry element | Java (Computer program language) |
| Source of heading or term | BUEsh |
| 9 (RLIN) | 3407 |
| 651 ## - SUBJECT ADDED ENTRY--GEOGRAPHIC NAME | |
| Source of heading or term | BUEsh |
| 653 ## - INDEX TERM--UNCONTROLLED | |
| Resource For college | Informatics and Computer Science |
| Arrived date list | March2018 |
| 700 1# - ADDED ENTRY--PERSONAL NAME | |
| Personal name | Stearns, Beth. |
| 942 ## - ADDED ENTRY ELEMENTS (KOHA) | |
| Source of classification or shelving scheme | Dewey Decimal Classification |
| Withdrawn status | Item status | Source of classification or shelving scheme | Damaged status | Not for loan | Home library | Current library | Shelving location | Date acquired | Source of acquisition | Total Checkouts | Full call number | Barcode | Date last seen | Koha item type |
|---|---|---|---|---|---|---|---|---|---|---|---|---|---|---|
| Dewey Decimal Classification | Central Library | Central Library | Lower Floor | 15/03/2018 | Purchase | 005.2762 MAT | 000047421 | 15/07/2025 | Book - Borrowing |